| 000 | 00743nam a2200229 u 4500 | ||
|---|---|---|---|
| 005 | 20230316063601.0 | ||
| 008 | 121022s2007 cl r 000 0 spa d | ||
| 020 | _a9789588296098 | ||
| 035 | _aUPN01000187830 | ||
| 049 | _aI | ||
| 050 | 4 |
_aPZ7 _bC6.7 |
|
| 100 | 1 |
_aConway, David, _d1970- _933276 |
|
| 245 | 1 | 3 |
_aEl regalo más importante de todos / _cDavid Conway ; Karin Littlewood. |
| 260 |
_aBogotá : _bGato Azul : _bCangrejo, _c2007. |
||
| 300 |
_a[24] p. : _bprincipalmente il. col. |
||
| 534 |
_pTítulo original: _tThe most important gift of all |
||
| 650 | 4 |
_aCuentos infantiles ingleses _910002 |
|
| 650 | 4 |
_aAMOR - _vLITERATURA INFANTIL _911101 |
|
| 700 | 1 |
_aLittlewood, Karin, _eil. |
|
| 905 | _aInfantil | ||
| 999 |
_c159933 _d159933 |
||